[Event "AUTO-OPEN-1124"]
[Site "http://www.queenalice.com/game.php?id=399543"]
[Date "2008.5.8"]
[Round "1"]
[White "Dick_Vigarista"]
[Black "mateus_amorim96"]
[Result "0-1"]
[WhiteElo "1387"]
[BlackElo "1699"]

1. e4 c5 2. f4 d6 3. Nf3 e6 4. Nc3 Nc6 5. Bc4 g6 6. O-O Bg7 7. Qe1 Nge7 8. d3
O-O 9. Qh4 f5 10. Ng5 h6 11. Bxe6+ Kh8 0-1

[Event "AUTO-OPEN-1124"]
[Site "http://www.queenalice.com/game.php?id=399544"]
[Date "2008.5.8"]
[Round "1"]
[White "mateus_amorim96"]
[Black "Dick_Vigarista"]
[Result "1-0"]
[WhiteElo "1695"]
[BlackElo "1390"]

1. d4 d5 2. Bf4 Bf5 3. Nc3 c6 4. Nf3 Nf6 5. g3 Nbd7 6. Bg2 e6 7. O-O Be7 8. a3
O-O 9. Re1 Ne4 10. Nxe4 Bxe4 11. Nd2 Bxg2 12. Kxg2 c5 13. dxc5 Bxc5 14. Nb3 1-0

[Event "AUTO-OPEN-1124"]
[Site "http://www.queenalice.com/game.php?id=399545"]
[Date "2008.5.8"]
[Round "1"]
[White "Dick_Vigarista"]
[Black "zechariahsl"]
[Result "0-1"]
[WhiteElo "1394"]
[BlackElo "1708"]

1. e4 c5 2. f4 b6 3. Nf3 Bb7 4. Nc3 d5 5. Bb5+ Nd7 6. Nxd5 e6 7. Nc3 a6 8. Bxd7+
Qxd7 9. O-O Be7 10. d3 Nf6 0-1

[Event "AUTO-OPEN-1124"]
[Site "http://www.queenalice.com/game.php?id=399546"]
[Date "2008.5.8"]
[Round "1"]
[White "zechariahsl"]
[Black "Dick_Vigarista"]
[Result "1-0"]
[WhiteElo "1700"]
[BlackElo "1399"]

1. e4 e5 2. Nf3 Nc6 3. Bc4 Be7 4. c3 Nf6 5. d3 d5 6. exd5 Nxd5 7. Be3 O-O 8. O-O
Bg4 9. h3 Bh5 10. Nbd2 Nb6 11. d4 1-0

[Event "Chess"]
[Site "http://www.queenalice.com/game.php?id=399703"]
[Date "2008.5.8"]
[Round "-"]
[White "Dick_Vigarista"]
[Black "SRIVERO"]
[Result "0-1"]
[WhiteElo "1414"]
[BlackElo "1603"]

1. e4 c5 2. f4 d5 3. exd5 Qxd5 4. Nc3 Qf5 5. g3 Nc6 6. Bg2 Nf6 7. d3 e5 8. Bxc6+
bxc6 9. fxe5 Qxe5+ 10. Qe2 Qxe2+ 11. Ngxe2 Bg4 12. Bg5 Be7 13. O-O-O Bxe2 14.
Nxe2 Rb8 15. Rde1 O-O 16. Nd4 cxd4 17. Rxe7 a5 18. Bxf6 gxf6 19. Rf1 Kg7 20. Rd7
Rfe8 21. Rxd4 h5 22. Rc4 Re6 23. Rc5 Rbe8 24. Rf2 Re2 25. Rxe2 Rxe2 26. Rxh5 a4
27. Rh4 c5 0-1

[Event "496"]
[Site "http://www.queenalice.com/game.php?id=399789"]
[Date "2008.5.8"]
[Round "-"]
[White "Dick_Vigarista"]
[Black "phystutordotcom"]
[Result "0-1"]
[WhiteElo "1383"]
[BlackElo "2072"]

1. e4 g6 2. d4 Bg7 3. f4 c6 4. Nf3 d5 5. e5 Bg4 6. h3 Bxf3 7. Qxf3 h5 8. Bd3 e6
9. Bd2 Ne7 10. g4 hxg4 11. hxg4 Rxh1+ 12. Qxh1 Qb6 13. Bc3 Na6 14. f5 gxf5 15.
gxf5 exf5 16. Qh7 Kf8 17. Bxf5 Nxf5 18. Qxf5 Qd8 19. Nd2 Qh4+ 20. Qf2 Qh1+ 21.
Qf1 Qxf1+ 22. Nxf1 f6 23. exf6 Bxf6 24. O-O-O Re8 25. Ng3 Ke7 26. Re1+ Kd7 27.
Rxe8 Kxe8 0-1

[Event "AUTO-OPEN-1125"]
[Site "http://www.queenalice.com/game.php?id=400040"]
[Date "2008.5.8"]
[Round "1"]
[White "Dick_Vigarista"]
[Black "koshnarek"]
[Result "0-1"]
[WhiteElo "1450"]
[BlackElo "1535"]

1. e4 d5 2. exd5 Qxd5 3. Nc3 Qe5+ 4. Qe2 Nc6 5. Qxe5 Nxe5 6. d4 Ng6 7. Nf3 Nf6
8. Bd3 Bd7 9. Bxg6 fxg6 10. Ne5 Bf5 11. Nb5 O-O-O 12. Nf7 Rd5 13. c4 Rd7 14.
Nxh8 e6 15. Bg5 a6 16. Nc3 h6 17. Bxf6 gxf6 18. g4 Bd3 19. Rd1 Rxd4 20. Nxg6 Bc5
21. Nf4 Re4+ 22. Nxe4 Bxe4 23. Nxe6 Be7 24. O-O Bf3 25. Rd4 c5 26. Rd2 Bxg4 27.
Re1 h5 28. Nf4 Bf8 29. Re8+ Kc7 0-1

[Event "AUTO-OPEN-1125"]
[Site "http://www.queenalice.com/game.php?id=400041"]
[Date "2008.5.8"]
[Round "1"]
[White "koshnarek"]
[Black "Dick_Vigarista"]
[Result "1-0"]
[WhiteElo "1548"]
[BlackElo "1431"]

1. e4 e5 2. Bc4 Nf6 3. Nc3 Nc6 4. Qf3 Nd4 5. Qd3 Bc5 6. Nd5 c6 7. Nxf6+ Qxf6 8.
Ne2 b5 9. Bb3 Nxb3 10. axb3 Qxf2+ 11. Kd1 Qxg2 12. Ng3 d5 13. c3 Bg4+ 14. Kc2
dxe4 15. Qxe4 Qxe4+ 16. Nxe4 Bf5 17. d3 Bxe4 18. dxe4 O-O-O 19. b4 Bb6 20. Rf1
f6 21. h4 Rd7 22. b3 Rhd8 23. Ra2 Rd3 24. h5 R3d6 25. Kb1 Rd1 26. Rxd1 Rxd1 27.
Rd2 Rxd2 28. Bxd2 g6 29. h6 1-0

[Event "AUTO-OPEN-1125"]
[Site "http://www.queenalice.com/game.php?id=400042"]
[Date "2008.5.8"]
[Round "1"]
[White "Dick_Vigarista"]
[Black "Velasquez"]
[Result "0-1"]
[WhiteElo "1400"]
[BlackElo "1772"]

1. e4 e6 2. e5 d5 3. exd6 cxd6 4. d4 Nc6 5. Nf3 Nf6 6. c3 d5 7. Bd3 Bd7 8. Bg5
Be7 9. Nbd2 Qb6 10. Nb3 h6 11. Bh4 g5 12. Bg3 O-O-O 13. Qc2 Nh5 0-1

[Event "AUTO-OPEN-1125"]
[Site "http://www.queenalice.com/game.php?id=400043"]
[Date "2008.5.8"]
[Round "1"]
[White "Velasquez"]
[Black "Dick_Vigarista"]
[Result "1-0"]
[WhiteElo "1770"]
[BlackElo "1402"]

1. e4 e5 2. Nf3 Nc6 3. Bb5 a6 4. Ba4 Nf6 5. d3 Bc5 6. Bg5 b5 7. Bb3 h6 8. Bh4 d6
9. Nc3 Be6 10. Bxe6 fxe6 11. O-O O-O 12. Qd2 d5 13. exd5 exd5 14. Rae1 1-0

[Event "AUTO-OPEN-1126"]
[Site "http://www.queenalice.com/game.php?id=400488"]
[Date "2008.5.9"]
[Round "1"]
[White "ferreirabsd"]
[Black "Dick_Vigarista"]
[Result "0-1"]
[WhiteElo "1100"]
[BlackElo "1600"]

1. d4 Nf6 2. Nc3 d5 3. Bg5 e6 4. e4 dxe4 5. Nxe4 Be7 6. Bc4 Nxe4 7. Bxe7 Qxe7 8.
Qg4 f5 9. Qh5+ g6 10. Qe2 Qb4+ 11. c3 Nxc3 12. bxc3 Qxc3+ 13. Kd1 Qxa1+ 14. Kc2
Qxd4 15. Nf3 Qc5 16. Rd1 b5 17. Qe5 Qxc4+ 18. Kb2 O-O 19. Rd4 Qc6 20. Ng5 Nd7
21. Rd6 Nxe5 22. Rxc6 Nxc6 0-1

[Event "AUTO-OPEN-1126"]
[Site "http://www.queenalice.com/game.php?id=400489"]
[Date "2008.5.9"]
[Round "1"]
[White "Dick_Vigarista"]
[Black "ferreirabsd"]
[Result "0-1"]
[WhiteElo "1383"]
[BlackElo "1380"]

1. e4 e5 2. Nf3 Nc6 3. Bb5 d6 4. d4 a6 5. Bxc6+ bxc6 6. dxe5 Bg4 7. exd6 cxd6 8.
Nc3 Be7 9. Bf4 Bxf3 10. Qxf3 Nf6 11. Rd1 Qc7 12. O-O O-O 13. Rfe1 Rfe8 14. e5
dxe5 15. Rxe5 Qb6 16. b3 Bc5 17. Na4 Qa7 18. Rxc5 Rad8 19. Rxc6 Nd5 0-1

[Event "AUTO-OPEN-1126"]
[Site "http://www.queenalice.com/game.php?id=400534"]
[Date "2008.5.9"]
[Round "1"]
[White "TORNADO"]
[Black "Dick_Vigarista"]
[Result "0-1"]
[WhiteElo "1221"]
[BlackElo "1710"]

1. e4 e5 2. f3 Nf6 3. Nc3 Bc5 4. d3 c6 5. Bg5 d5 6. Bxf6 gxf6 7. Na4 Qa5+ 8. c3
Be7 9. b4 Bxb4 10. cxb4 Qxb4+ 11. Kf2 b5 12. Rb1 Qxa4 13. Qxa4 bxa4 14. exd5
cxd5 15. Ne2 d4 16. Ng3 f5 17. Nh5 Ke7 18. Ng7 Rg8 19. Nh5 f4 20. Be2 Nc6 21.
Rhc1 Bd7 22. Bd1 Rab8 23. Bxa4 Rxb1 24. Rxb1 Rb8 25. Rxb8 Nxb8 26. Bb3 Nc6 27.
g4 Nb4 28. Ke2 Bb5 29. Bc4 Bxc4 30. dxc4 Nxa2 31. Kd3 a5 32. c5 a4 33. Ng7 Nb4+
34. Kc4 a3 35. Kb3 a2 36. Kb2 d3 37. c6 Nxc6 38. Nf5+ Kd7 39. Kxa2 d2 40. Nh6
d1=Q 41. Nxf7 Nd4 42. Nxe5+ Ke6 43. Nc4 Qb3+ 0-1

[Event "AUTO-OPEN-1126"]
[Site "http://www.queenalice.com/game.php?id=400535"]
[Date "2008.5.9"]
[Round "1"]
[White "Dick_Vigarista"]
[Black "TORNADO"]
[Result "1-0"]
[WhiteElo "1500"]
[BlackElo "1219"]

1. e4 e5 2. Nf3 d6 3. d4 g6 4. dxe5 dxe5 5. Qxd8+ Kxd8 6. Nxe5 Be6 7. Nc3 Bd6 8.
Nc4 Bxc4 9. Bxc4 f5 10. Bg5+ Kc8 11. exf5 Nd7 12. Be6 h6 13. Be3 gxf5 14. Bxf5
Ne7 15. Be6 Nc6 16. O-O-O Nb4 17. Bxd7+ Kxd7 18. Bc5 a6 19. Bxb4 Kc8 20. Bxd6
cxd6 21. Rxd6 Kc7 22. Rhd1 Kb8 23. Rd8+ Rxd8 24. Rxd8+ Ka7 25. Rxa8+ Kxa8 26. f4
Kb8 27. g4 Kc7 28. g5 Kd7 29. gxh6 b5 30. h7 b4 31. Ne4 a5 32. h8=Q Kc7 33. Qf6
a4 34. Qd6+ Kb7 35. Nc5+ Ka7 36. Qc7+ 1-0

[Event "AUTO-INT-899"]
[Site "http://www.queenalice.com/game.php?id=401953"]
[Date "2008.5.12"]
[Round "1"]
[White "Dick_Vigarista"]
[Black "constantin"]
[Result "0-1"]
[WhiteElo "1390"]
[BlackElo "1821"]

1. e4 e5 2. Nf3 d6 3. d4 exd4 4. Nxd4 Qh4 5. Nc3 c6 6. Nf3 Qf6 7. Bg5 Qe6 8. Qd2
h6 9. Bf4 Nf6 10. O-O-O Be7 0-1

[Event "AUTO-INT-899"]
[Site "http://www.queenalice.com/game.php?id=401969"]
[Date "2008.5.12"]
[Round "1"]
[White "Dick_Vigarista"]
[Black "Nemer"]
[Result "0-1"]
[WhiteElo "1467"]
[BlackElo "1616"]

1. e4 e5 2. Nf3 Nc6 3. Bb5 a6 4. Ba4 b5 5. Bb3 Nf6 6. O-O Bc5 7. d3 Nd4 8. Nxd4
Bxd4 9. c3 Bc5 10. d4 exd4 11. cxd4 Bb4 12. e5 Nd5 13. Bxd5 O-O 0-1

[Event "AUTO-INT-899"]
[Site "http://www.queenalice.com/game.php?id=401980"]
[Date "2008.5.12"]
[Round "1"]
[White "Dick_Vigarista"]
[Black "wellcome"]
[Result "1-0"]
[WhiteElo "1560"]
[BlackElo "1611"]

1. e4 e5 2. Nf3 f6 3. Nxe5 fxe5 4. Qh5+ g6 5. Qxe5+ Qe7 6. Qxh8 Qxe4+ 7. Kd1 Qe6
8. Bb5 Nf6 9. Re1 Ne4 10. Qd4 Bc5 11. Qxe4 Bxf2 12. Qxe6+ 1-0

[Event "AUTO-INT-899"]
[Site "http://www.queenalice.com/game.php?id=401981"]
[Date "2008.5.12"]
[Round "1"]
[White "wellcome"]
[Black "Dick_Vigarista"]
[Result "1-0"]
[WhiteElo "1615"]
[BlackElo "1603"]

1. e4 d6 2. f3 e5 3. Nc3 f5 4. Bd3 fxe4 5. fxe4 Nf6 6. h3 Nc6 7. Bb5 Be7 8. Nf3
O-O 9. O-O Nd4 10. Nxd4 exd4 11. Bc4+ Kh8 12. Nd5 Nxd5 13. Bxd5 c6 14. Bc4 1-0